KAISE JITTI HAI BHAJPA (Record no. 26251)

MARC details
000 -LEADER
fixed length control field 00302nam a22001337a 4500
003 - CONTROL NUMBER IDENTIFIER
control field SGT
082 ## - DEWEY DECIMAL CLASSIFICATION NUMBER
Classification number 324.254
Item number K17J
100 ## - MAIN ENTRY--PERSONAL NAME
Personal name JHA, PRASHANT
245 ## - TITLE STATEMENT
Title KAISE JITTI HAI BHAJPA
260 ## - PUBLICATION, DISTRIBUTION, ETC. (IMPRINT)
Place of publication, distribution, etc INDIA
Name of publisher, distributor, etc JUGGERNAUT BOOKS
Year of Publication 2017
300 ## - PAGE DESCRIPTION
No. of Pages 215
650 ## - SUBJECT ADDED ENTRY--TOPICAL TERM
Topical term or geographic name as entry element INDIAN POLITICAL PARTIES
942 ## - ADDED ENTRY ELEMENTS (KOHA)
Source of classification or shelving scheme Dewey Decimal Classification
Koha item type Books
Holdings
Withdrawn status Lost status Source of classification or shelving scheme Damaged status Not for loan Home library Current library Shelving location Date acquired Vendor Name Cost, normal purchase price SGTU Total Checkouts Full call number Accession No. (Barcode) Date last seen Bill Date Koha item type
    Dewey Decimal Classification   Not For Loan SGT Chancellor's Library SGT Chancellor's Library Reference Book 24/04/2024 SGT CHANCELLOR'S COLLECTION 250.00 SGTU   324.254 K17J CH473 24/04/2024 24/04/2024 Books